Advanced calculus
Збережено в:
| Автор: | |
|---|---|
| Формат: | Книга |
| Мова: | Англійська |
| Опубліковано: |
Boston
Ginn
1955
|
| Предмети: | |
| Теги: |
Додати тег
Немає тегів, Будьте першим, хто поставить тег для цього запису!
|
MARC
| LEADER | 00000nam a2200000 a 4500 | ||
|---|---|---|---|
| 001 | UCT2435 | ||
| 003 | CL-VaPUC | ||
| 008 | 961011e19550000US |||||||||||||||||eng|d | ||
| 082 | 0 | 4 | |a 515.6 |b TAY |2 21 |
| 100 | 0 | |a Taylor, Angus E |e author |9 371464 | |
| 245 | 1 | 0 | |a Advanced calculus |
| 300 | |a 786 p | ||
| 942 | |c BK | ||
| 945 | |d 19961011 00:00:00 |a paguirre | ||
| 260 | |a Boston |b Ginn |c 1955 | ||
| 650 | 0 | |a Cálculo |9 260234 | |
| 650 | 0 | |a Funciones |9 263869 | |
| 650 | 0 | |a Álgebra |9 259567 | |
| 650 | 0 | |a Números |9 265328 | |
| 650 | 0 | |a Vectores |9 317184 | |
| 650 | 0 | |a Cálculo integral |9 260103 | |
| 650 | 0 | |a Análisis de Fourier |9 260464 | |
| 650 | 7 | |a SERIES |2 CL-VaPUC |9 325542 | |
| 583 | |a last modification |c 19961011 00:00:00 |k Rodrigo Vera | ||
| 999 | |c 252532 |d 252530 | ||
| 952 | |0 0 |1 0 |4 0 |6 515_600000000000000_TAY_1955 |7 0 |8 A |9 272440 |a BIBCUR |b BIBCUR |d 2019-11-19 |i 1764683 |o 515.6 TAY 1955 |p 1764683 |r 2025-04-22 |w 2019-11-19 |y BK |k BCB | ||